Crisis de subsistencias y conflictividad social en Córdoba a principios del siglo XVI / (Record no. 141109)

MARC details
000 -LEADER
campo de control de longitud fija 00771nam a2200217 i 4500
001 - NÚMERO DE CONTROL
campo de control 141109
003 - IDENTIFICADOR DE NÚMERO DE CONTROL
campo de control ES-MaACL
005 - FECHA Y HORA DE LA ÚLTIMA TRANSACCIÓN
campo de control 20250720004934.0
007 - CAMPO FIJO DE DESCRIPCIÓN FÍSICA--INFORMACIÓN GENERAL
campo de control de longitud fija t|
008 - DATOS DE LONGITUD FIJA--INFORMACIÓN GENERAL
campo de control de longitud fija 070919s1980 sp ||||1| spa d
100 1# - ENTRADA PRINCIPAL--NOMBRE DE PERSONA
Nombre de persona Yun Casalilla, Bartolomé.
9 (RLIN) 117742
245 10 - MENCIÓN DEL TÍTULO
Título Crisis de subsistencias y conflictividad social en Córdoba a principios del siglo XVI /
Mención de responsabilidad, etc. Bartolomé Yun Casalilla.
260 ## - PUBLICACIÓN, DISTRIBUCIÓN, ETC.
Lugar de publicación, distribución, etc. Córdoba :
Nombre del editor, distribuidor, etc. Diputación Provincial,
Fecha de publicación, distribución, etc. 1980.
300 ## - DESCRIPCIÓN FÍSICA
Extensión 303 p. ;
Dimensiones 23 cm.
490 1# - MENCIÓN DE SERIE
Mención de serie Estudios cordobeses ;
Designación de volumen o secuencia 19
651 #4 - PUNTO DE ACCESO ADICIONAL DE MATERIA--NOMBRE GEOGRÁFICO
Nombre geográfico Córdoba-
Subdivisión general Historia-
Subdivisión cronológica S.XVI
9 (RLIN) 8081
710 1# - ENTRADA AGREGADA--NOMBRE DE ENTIDAD CORPORATIVA
Nombre de entidad corporativa o nombre de jurisdicción como elemento de entrada Córdoba (Provincia).
Unidad subordinada Diputación Provincial.
9 (RLIN) 3299
830 0# - PUNTO DE ACCESO ADICIONAL DE SERIE-TÍTULO UNIFORME
Título uniforme Estudios cordobeses ;
Designación de volumen o secuencia 19
9 (RLIN) 182336
852 ## - LOCALIZACIÓN
Ubicación ES-MaACL
Número de control de estantería L-824
Sublocalización o colección R.101400
Holdings
Estatus retirado Estado de pérdida Estado de daño No para préstamo Biblioteca de origen Biblioteca actual Ubicación en estantería Fecha de adquisición Fuente de adquisición Total de préstamos Signatura topográfica completa Código de barras Visto por última vez Precio de reemplazo Tipo de ítem Koha
        Biblioteca del Ateneo de Madrid Biblioteca del Ateneo de Madrid Depósito 2 17/01/2008     L-824 1146830 23/02/2023 23/02/2023 Libro impreso